[Event "Titled Tuesday intern op 12th Sep Early"]
[Site "Chess.com INT"]
[Date "2023.09.12"]
[Round "2"]
[White "Golizadeh, Asghar"]
[Black "Predke, Alexandr"]
[Result "0-1"]
[WhiteElo "2456"]
[BlackElo "2652"]
[PlyCount "118"]
[EventDate "2023.09.12"]
[EventType "swiss (blitz)"]
[EventRounds "11"]
[EventCountry "USA"]
[SourceTitle "EXT 2024"]
[Source "ChessBase"]
[SourceDate "2023.10.10"]
[SourceVersion "1"]
[SourceVersionDate "2023.10.10"]
[SourceQuality "1"]

1. e4 c5 2. Nc3 Nc6 3. f4 g6 4. Nf3 Bg7 5. Bb5 Nd4 6. 0-0 a6 7. Bc4 e6 8. d3 b5 9. Bb3 Ne7 10. Nxd4 cxd4 11. Ne2 f5 12. e5 Qb6 13. Qe1 Bb7 14. Qf2 Nc6 15. c3 d6 16. Nxd4 Nxd4 17. cxd4 d5 18. Bd2 Bf8 19. Rfc1 Be7 20. a3 a5 21. Rc5 Bxc5 22. dxc5 Qc6 23. d4 0-0 24. Qh4 b4 25. a4 Ba6 26. Bd1 Bd3 27. b3 Be4 28. Be2 Bc2 29. Bb5 Qc7 30. Qg3 Kh8 31. Rc1 Be4 32. c6 Ra7 33. Rc5 Qe7 34. h4 Rg8 35. Qg5 Qf7 36. Qf6+ Qxf6 37. exf6 Rc7 38. Ba6 Ra8 39. Bb7 Ra7 40. h5 Kg8 41. hxg6 hxg6 42. Be1 Kf7 43. Bh4 Bd3 44. Kf2 Be4 45. g3 Bb1 46. g4 fxg4 47. Kg3 Ba2 48. Kxg4 Bxb3 49. Kg5 Bxa4 50. Rc1 Bxc6 51. Bxc6 b3 52. Rb1 Rxc6 53. Rxb3 a4 54. Ra3 Rc4 55. Bf2 Rc2 56. Rh3 Kg8 57. Be1 a3 58. Kxg6 Rg2+ 59. Kh6 a2 0-1

[Event "Titled Tuesday intern op 12th Sep Early"]
[Site "Chess.com INT"]
[Date "2023.09.12"]
[Round "7"]
[White "Golizadeh, Asghar"]
[Black "Tanwir, Furquan"]
[Result "1-0"]
[WhiteElo "2456"]
[BlackElo "1982"]
[PlyCount "71"]
[EventDate "2023.09.12"]
[EventType "swiss (blitz)"]
[EventRounds "11"]
[EventCountry "USA"]
[SourceTitle "EXT 2024"]
[Source "ChessBase"]
[SourceDate "2023.10.10"]
[SourceVersion "1"]
[SourceVersionDate "2023.10.10"]
[SourceQuality "1"]

1. e4 c5 2. Nf3 e6 3. g3 a6 4. Bg2 b5 5. 0-0 Bb7 6. Re1 Nc6 7. c3 Rc8 8. d4 cxd4 9. cxd4 Nb4 10. Nc3 d5 11. a3 dxe4 12. Ng5 Nd3 13. Bxe4 Bxe4 14. Rxe4 Nxc1 15. Qxc1 Nf6 16. Re2 Qxd4 17. Qe1 Be7 18. Rd1 Qa7 19. Rxe6 fxe6 20. Nxe6 Kf7 21. Ng5+ Kg6 22. h4 Bc5 23. Qe2 Bxf2+ 24. Kg2 Rhd8 25. Qc2+ Kh5 26. Qe2+ Ng4 27. Kh3 Rd4 28. Nce4 Qd7 29. Nxf2 Rxd1 30. Nxd1 Rc4 31. Ne3 Qe7 32. Qf3 Qd7 33. Nxg4 Rxg4 34. Ne4 g5 35. Nf6+ Kg6 36. Nxd7 1-0

[Event "Titled Tuesday intern op 10th Jan Early"]
[Site "Chess.com INT"]
[Date "2023.01.10"]
[Round "3"]
[White "Di Nicolantonio, Lucas"]
[Black "Golizadeh, Asghar"]
[Result "0-1"]
[WhiteElo "2376"]
[BlackElo "2455"]
[PlyCount "138"]
[EventDate "2023.01.10"]
[EventType "swiss (blitz)"]
[EventRounds "11"]
[EventCountry "USA"]
[SourceTitle "EXT 2024"]
[Source "ChessBase"]
[SourceDate "2023.10.10"]
[SourceVersion "1"]
[SourceVersionDate "2023.10.10"]
[SourceQuality "1"]

1. d4 Nf6 2. c4 e6 3. Nf3 Bb4+ 4. Nbd2 b6 5. g3 Bb7 6. Bg2 Bxd2+ 7. Bxd2 h6 8. 0-0 0-0 9. d5 exd5 10. Nd4 Nc6 11. Nf5 dxc4 12. Bc3 Na5 13. e4 d6 14. Nxg7 Kxg7 15. Qg4+ Kh8 16. Qf5 Kg7 17. Qg4+ Kh7 18. Qf5+ Kg7 19. g4 Bc8 20. Qf4 Kg6 21. e5 dxe5 22. Qxe5 Re8 23. Be4+ Kg7 24. Qf4 Bb7 25. Bxb7 Nxb7 26. Rad1 Nd6 27. h4 Re4 28. Qf3 h5 29. g5 Rg4+ 30. Qxg4 hxg4 31. Bxf6+ Qxf6 32. gxf6+ Kxf6 33. Rd4 Kf5 34. f3 gxf3 35. Rxf3+ Ke5 36. Rg4 f5 37. Rg7 c5 38. h5 Rh8 39. Rh3 Kf6 40. Rg6+ Ke5 41. h6 Ne8 42. h7 Nf6 43. Re3+ Kf4 44. Rh3 Rxh7 45. Rxh7 Nxh7 46. Rg7 Ng5 47. Rxa7 Nf3+ 48. Kf2 Ne5 49. Rb7 Nd3+ 50. Ke2 Nxb2 51. Rxb6 Na4 52. Rc6 Ke4 53. Ra6 Nc3+ 54. Kd2 Nd5 55. Rc6 Kd4 56. a4 c3+ 57. Kc1 Nb4 58. Rd6+ Kc4 59. a5 Kb3 60. Rb6 f4 61. a6 f3 62. a7 f2 63. Rf6 Na2+ 64. Kd1 c2+ 65. Ke2 c1Q 66. Rf3+ Nc3+ 67. Rxc3+ Qxc3 68. a8Q Qe1+ 69. Kd3 f1Q# 0-1

[Event "Titled Tuesday intern op 10th Jan Early"]
[Site "Chess.com INT"]
[Date "2023.01.10"]
[Round "8"]
[White "Golizadeh, Asghar"]
[Black "Royal, Shreyas"]
[Result "0-1"]
[WhiteElo "2455"]
[BlackElo "2456"]
[PlyCount "86"]
[EventDate "2023.01.10"]
[EventType "swiss (blitz)"]
[EventRounds "11"]
[EventCountry "USA"]
[SourceTitle "EXT 2024"]
[Source "ChessBase"]
[SourceDate "2023.10.10"]
[SourceVersion "1"]
[SourceVersionDate "2023.10.10"]
[SourceQuality "1"]

1. Nf3 d5 2. g3 Nf6 3. Bg2 e6 4. 0-0 Be7 5. c4 0-0 6. Nc3 c6 7. d4 dxc4 8. Ne5 Nbd7 9. Nxc4 c5 10. dxc5 Nxc5 11. Qc2 Bd7 12. Bf4 Bc6 13. Rad1 Qc8 14. Nd6 Bxd6 15. Bxd6 Bxg2 16. Kxg2 Qc6+ 17. f3 Rfd8 18. Bxc5 Qxc5 19. Rxd8+ Rxd8 20. Rd1 Nd5 21. Qd2 h6 22. Kh1 Re8 23. Nxd5 exd5 24. Qxd5 Qf2 25. Qb5 Qxe2 26. Qxe2 Rxe2 27. Rd8+ Kh7 28. Rd7 Rxb2 29. Rxf7 Kg6 30. Rc7 a5 31. h4 b5 32. Rc5 a4 33. Rc6+ Kh7 34. g4 b4 35. g5 hxg5 36. hxg5 Rxa2 37. f4 b3 38. Rb6 Rc2 39. f5 b2 40. g6+ Kh6 41. f6 gxf6 42. Rb4 Rc1+ 43. Kg2 b1Q 0-1

[Event "Titled Tuesday intern op 10th Jan Early"]
[Site "Chess.com INT"]
[Date "2023.01.10"]
[Round "7"]
[White "Golizadeh, Asghar"]
[Black "Seo, Jung Min"]
[Result "0-1"]
[WhiteElo "2455"]
[BlackElo "2516"]
[PlyCount "86"]
[EventDate "2023.01.10"]
[EventType "swiss (blitz)"]
[EventRounds "11"]
[EventCountry "USA"]
[SourceTitle "EXT 2024"]
[Source "ChessBase"]
[SourceDate "2023.10.10"]
[SourceVersion "1"]
[SourceVersionDate "2023.10.10"]
[SourceQuality "1"]

1. e4 c6 2. Nc3 d5 3. Nf3 dxe4 4. Nxe4 Nf6 5. Qe2 Nxe4 6. Qxe4 Nd7 7. Bc4 Nf6 8. Ne5 e6 9. Qe2 b5 10. Nxc6 Qc7 11. Bxb5 a6 12. Ba4 Bd7 13. Qc4 Nd5 14. d3 Nb6 15. Bf4 Qc8 16. Qe4 Nxa4 17. Ne5 Nc5 18. Qf3 Be7 19. Bg5 Rf8 20. Bxe7 Kxe7 21. Qe3 f6 22. Nc4 Qc7 23. d4 Nb7 24. Nd2 Qxc2 25. 0-0 Rfc8 26. Qa3+ Kf7 27. Nf3 Qc6 28. Rfe1 Kg8 29. d5 Qxd5 30. Rad1 Qc6 31. Nd4 Qc5 32. Qf3 Qd5 33. Qg3 Qg5 34. Qf3 Nd8 35. g3 Qg6 36. Ne2 Qf7 37. Nf4 Bc6 38. Qa3 e5 39. Nd3 Ne6 40. f4 Nd4 41. Re3 Qd5 42. Kf1 Qg2+ 43. Ke1 Nc2# 0-1

[Event "Titled Tuesday intern op 03rd Jan Late"]
[Site "Chess.com INT"]
[Date "2023.01.03"]
[Round "4"]
[White "Golizadeh, Asghar"]
[Black "Derige Kane, Yan"]
[Result "0-1"]
[WhiteElo "2455"]
[BlackElo "2170"]
[PlyCount "112"]
[EventDate "2023.01.03"]
[EventType "swiss (blitz)"]
[EventRounds "11"]
[EventCountry "USA"]
[SourceTitle "EXT 2024"]
[Source "ChessBase"]
[SourceDate "2023.10.10"]
[SourceVersion "1"]
[SourceVersionDate "2023.10.10"]
[SourceQuality "1"]

1. Nf3 Nf6 2. g3 g6 3. Bg2 Bg7 4. d4 0-0 5. Nbd2 c5 6. dxc5 Qa5 7. a3 Qxc5 8. b4 Qc3 9. Rb1 d6 10. Bb2 Qc7 11. c4 b6 12. Nd4 Bb7 13. Nb5 Qc8 14. Bxb7 Qxb7 15. 0-0 h5 16. Nf3 Nbd7 17. Nc3 Rac8 18. Nd5 Nxd5 19. cxd5 Bxb2 20. Rxb2 Rc4 21. Qd2 Kg7 22. Rd1 Rfc8 23. Qg5 Nf6 24. Nh4 Kh7 25. Rd3 Ne4 26. Qf4 Nf6 27. Qf3 Kg7 28. Kg2 Ng4 29. Rdd2 Ne5 30. Qe3 Rc3 31. Qg5 Kh7 32. f4 f6 33. fxe5 fxg5 34. Nf3 Kh6 35. e6 Rf8 36. h4 gxh4 37. gxh4 Rc4 38. Kh3 Rff4 39. Kg3 Rg4+ 40. Kf2 Rgf4 41. Kg3 Rg4+ 42. Kf2 Qc8 43. Ng5 Rxg5 44. hxg5+ Kxg5 45. Rd3 Qf8+ 46. Ke1 Rc1+ 47. Kd2 Qf1 48. Rg3+ Kh6 49. Ke3 Qe1 50. Rf3 Qc3+ 51. Kf2 Qxb2 52. Rf7 Rc2 53. Rxe7 Rxe2+ 54. Kf3 Rf2+ 55. Ke3 Qd2+ 56. Ke4 Rf4# 0-1

[Event "Titled Tuesday intern op 27th Dec Early"]
[Site "Chess.com INT"]
[Date "2022.12.27"]
[Round "8"]
[White "Nadanian, Ashot S"]
[Black "Golizadeh, Asghar"]
[Result "1-0"]
[WhiteElo "2279"]
[BlackElo "2455"]
[PlyCount "107"]
[EventDate "2022.12.27"]
[EventType "swiss (blitz)"]
[EventRounds "11"]
[EventCountry "USA"]
[SourceTitle "EXT 2024"]
[Source "ChessBase"]
[SourceDate "2023.10.10"]
[SourceVersion "1"]
[SourceVersionDate "2023.10.10"]
[SourceQuality "1"]

1. e4 c5 2. d3 g6 3. g3 Bg7 4. Bg2 d6 5. f4 Nf6 6. Nf3 0-0 7. 0-0 Nc6 8. c3 e5 9. f5 gxf5 10. Nh4 f4 11. gxf4 Nxe4 12. dxe4 Qxh4 13. Qxd6 Bh3 14. Qxc5 Qg4 15. Qf2 exf4 16. Bxf4 Nd4 17. Bg3 Bxg2 18. Qxg2 Ne2+ 19. Kh1 Nxg3+ 20. hxg3 f5 21. Nd2 Bh6 22. Rae1 Rad8 23. Nc4 fxe4 24. Rxf8+ Rxf8 25. Rxe4 Qh5+ 26. Rh4 Qd1+ 27. Kh2 Re8 28. Re4 Qh5+ 29. Kg1 Be3+ 30. Nxe3 Rd8 31. Rd4 Rxd4 32. cxd4 Qh6 33. Qd5+ Kf8 34. Qf5+ Ke8 35. Qc8+ Ke7 36. Qxb7+ Ke8 37. Qe4+ Kd8 38. Kg2 Qb6 39. b3 Qa6 40. a4 Qe2+ 41. Kh3 h5 42. Qd5+ Ke8 43. Qe6+ Kf8 44. Qf5+ Kg8 45. Qg5+ Kh7 46. Qf5+ Kh6 47. Qf4+ Kh7 48. d5 Qe1 49. Qe4+ Kh6 50. Nf5+ Kg5 51. Qxe1 Kxf5 52. Qe3 Kf6 53. Qxa7 Kf5 54. Qe3 1-0

[Event "Titled Tuesday intern op 13th Dec Early"]
[Site "Chess.com INT"]
[Date "2022.12.13"]
[Round "2"]
[White "Buksa, Nataliya"]
[Black "Golizadeh, Asghar"]
[Result "0-1"]
[WhiteElo "2405"]
[BlackElo "2455"]
[PlyCount "112"]
[EventDate "2022.12.13"]
[EventType "swiss (blitz)"]
[EventRounds "11"]
[EventCountry "USA"]
[SourceTitle "EXT 2024"]
[Source "ChessBase"]
[SourceDate "2023.10.10"]
[SourceVersion "1"]
[SourceVersionDate "2023.10.10"]
[SourceQuality "1"]

1. d4 Nf6 2. Nc3 d5 3. Bf4 e6 4. e3 a6 5. Bd3 c5 6. dxc5 Bxc5 7. Nf3 0-0 8. 0-0 b5 9. e4 b4 10. e5 bxc3 11. exf6 cxb2 12. fxg7 bxa1Q 13. gxf8Q+ Bxf8 14. Qxa1 Bg7 15. Be5 f6 16. Bb2 e5 17. Qd1 Nd7 18. c4 Qb6 19. Ba1 d4 20. Be4 Bb7 21. Bxb7 Qxb7 22. Nh4 Qe4 23. Qh5 Nf8 24. f3 Qe3+ 25. Kh1 Qe2 26. Rg1 d3 27. Nf5 d2 28. Qg4 Ng6 29. Qe4 d1Q 30. Qxa8+ Bf8 31. Nh6+ Kg7 32. Nf5+ Kh8 33. Qa7 Qdc2 34. Ng3 Qf2 35. Qa8 Qxc4 36. Ne4 Qb6 37. h4 Qcc6 38. Qxc6 Qxc6 39. h5 Nf4 40. Bc3 Ne2 41. Rd1 Nxc3 42. Rc1 Bb4 43. a3 Ba5 44. h6 Kg8 45. Rc2 Qd5 46. Rc1 Nxe4 47. Rc8+ Kf7 48. fxe4 Qd1+ 49. Kh2 Qh5+ 50. Kg3 Qg5+ 51. Kh2 Qf4+ 52. Kh1 Be1 53. Rc7+ Kg6 54. Rg7+ Kxh6 55. Rg8 Bg3 56. a4 Qf1# 0-1

[Event "Titled Tuesday intern op 13th Dec Early"]
[Site "Chess.com INT"]
[Date "2022.12.13"]
[Round "5"]
[White "Golizadeh, Asghar"]
[Black "Fabris, Alberto"]
[Result "1/2-1/2"]
[WhiteElo "2455"]
[BlackElo "2230"]
[PlyCount "139"]
[EventDate "2022.12.13"]
[EventType "swiss (blitz)"]
[EventRounds "11"]
[EventCountry "USA"]
[SourceTitle "EXT 2024"]
[Source "ChessBase"]
[SourceDate "2023.10.10"]
[SourceVersion "1"]
[SourceVersionDate "2023.10.10"]
[SourceQuality "1"]

1. e4 c5 2. Nf3 d6 3. Bb5+ Nd7 4. d4 cxd4 5. Qxd4 a6 6. Bxd7+ Bxd7 7. c4 Bc6 8. Nc3 Nf6 9. a4 e6 10. 0-0 Be7 11. b3 0-0 12. Ba3 Qc7 13. Rfd1 Rfd8 14. Rac1 Rac8 15. Nd5 exd5 16. cxd5 Qb8 17. dxc6 bxc6 18. Qd3 Bf8 19. Qxa6 Qxb3 20. Rd3 Qe6 21. Rxc6 Rxc6 22. Qxc6 Qxe4 23. Qxe4 Nxe4 24. Nd2 Nxd2 25. Rxd2 d5 26. Bxf8 Kxf8 27. Kf1 Ra8 28. Rd4 Ke7 29. Ke2 Ke6 30. Kd3 Rb8 31. a5 Rb3+ 32. Kc2 Ra3 33. Rh4 h6 34. Rg4 g6 35. Rh4 h5 36. Rh3 Rxa5 37. Re3+ Kd6 38. Rf3 Ke6 39. Re3+ Kf6 40. Rf3+ Kg7 41. Kb3 Rc5 42. Kb4 Rc2 43. Kb3 Rc1 44. Kb2 Rc5 45. Kb3 f5 46. h4 Kf6 47. Re3 Rc4 48. g3 Re4 49. Rd3 Ke5 50. f4+ Kd6 51. Kc3 Kc5 52. Kc2 d4 53. Ra3 Re2+ 54. Kd1 Rg2 55. Ke1 Kd5 56. Kf1 Rb2 57. Ra6 Ke4 58. Rxg6 Kf3 59. Ke1 Rg2 60. Rg5 Rxg3 61. Rxf5 Rh3 62. Rxh5 Kxf4 63. Kd2 Kg4 64. Rd5 Rxh4 65. Rxd4+ Kg5 66. Rd3 Rg4 67. Kc3 Kf5 68. Rd5+ Ke6 69. Rd4 Rxd4 70. Kxd4 1/2-1/2

[Event "Titled Tuesday intern op 13th Dec Early"]
[Site "Chess.com INT"]
[Date "2022.12.13"]
[Round "3"]
[White "Golizadeh, Asghar"]
[Black "Migot, Tangi"]
[Result "0-1"]
[WhiteElo "2455"]
[BlackElo "2364"]
[PlyCount "92"]
[EventDate "2022.12.13"]
[EventType "swiss (blitz)"]
[EventRounds "11"]
[EventCountry "USA"]
[SourceTitle "EXT 2024"]
[Source "ChessBase"]
[SourceDate "2023.10.10"]
[SourceVersion "1"]
[SourceVersionDate "2023.10.10"]
[SourceQuality "1"]

1. e4 c5 2. Nc3 a6 3. Nge2 b5 4. g3 Bb7 5. Bg2 Nc6 6. 0-0 h5 7. h3 h4 8. g4 g6 9. d4 cxd4 10. Nxd4 Bg7 11. Be3 Rc8 12. a3 Ne5 13. Nde2 d6 14. Kh2 Nf6 15. Ng1 Rxc3 16. bxc3 Nxe4 17. Bxe4 Bxe4 18. Bd4 0-0 19. f4 Nc6 20. Bxg7 Kxg7 21. f5 d5 22. Qd2 Qd6+ 23. Qf4 Qxf4+ 24. Rxf4 Bxc2 25. Ne2 g5 26. Rf2 Be4 27. f6+ exf6 28. Raf1 f5 29. gxf5 Kf6 30. Rd1 Ne5 31. Nd4 Rc8 32. a4 g4 33. Ra2 g3+ 34. Kg1 Rxc3 35. axb5 axb5 36. Ra6+ Kg5 37. Rf1 Rd3 38. Ra8 Rxd4 39. Rg8+ Kf6 40. Rh8 Rd2 41. Rh6+ Kg5 42. Rh8 Rh2 43. Rg8+ Kf6 44. Rg6+ fxg6 45. fxg6+ Kxg6 46. Rf4 Rh1# 0-1

[Event "Titled Tuesday intern op 06th Dec Early"]
[Site "Chess.com INT"]
[Date "2022.12.06"]
[Round "5"]
[White "Golizadeh, Asghar"]
[Black "Kuchava, Ana"]
[Result "1/2-1/2"]
[WhiteElo "2455"]
[BlackElo "2101"]
[PlyCount "121"]
[EventDate "2022.12.06"]
[EventType "swiss (blitz)"]
[EventRounds "11"]
[EventCountry "USA"]
[SourceTitle "CBM 211 Extra"]
[Source "ChessBase"]
[SourceDate "2023.01.31"]
[SourceVersion "1"]
[SourceVersionDate "2023.01.31"]
[SourceQuality "1"]

1. e4 c5 2. Nc3 Nc6 3. Bb5 Nd4 4. Nf3 Nxb5 5. Nxb5 a6 6. Nc3 b5 7. d4 cxd4 8. Nxd4 Bb7 9. a3 d6 10. 0-0 Nf6 11. Qe2 g6 12. Bg5 Bg7 13. Rad1 Qb6 14. Nb3 0-0 15. Kh1 Rac8 16. Be3 Qc7 17. f3 Nd7 18. Bd4 Ne5 19. Nd2 Nc4 20. Bxg7 Kxg7 21. Nxc4 Qxc4 22. Qf2 a5 23. Qh4 b4 24. Qxe7 Rc7 25. Qxd6 bxc3 26. Qe5+ Kg8 27. b3 Qc5 28. Qf6 Qxa3 29. Rd8 Rc6 30. Qh4 Rxd8 31. Qxd8+ Kg7 32. Qd4+ Kg8 33. Qd7 Qd6 34. Qxb7 Rc7 35. Qd5 Qb6 36. Qd8+ Kg7 37. Ra1 h5 38. Qd5 Rc5 39. Qd4+ Kh7 40. Rd1 Qb5 41. h3 Rc7 42. Qd8 Qc5 43. Qd4 Qb5 44. Qd3 Qb4 45. Kh2 a4 46. bxa4 Qxa4 47. Kg3 Qb4 48. Kf2 Qb2 49. Ke2 Ra7 50. Qd4 Qxc2+ 51. Ke3 Ra2 52. Kf4 Qxg2 53. Ke5 Qg5+ 54. Kd6 Ra6+ 55. Kd7 Qf6 56. Qc4 Qb6 57. Qxf7+ Kh6 58. Qf8+ Kh7 59. Qf7+ Kh6 60. Qf8+ Kh7 61. Qf7+ 1/2-1/2

[Event "Titled Tuesday intern op 08th Nov Early"]
[Site "Chess.com INT"]
[Date "2022.11.08"]
[Round "1"]
[White "Golizadeh, Asghar"]
[Black "Strybuk, Artsiom I"]
[Result "0-1"]
[WhiteElo "2455"]
[BlackElo "2312"]
[PlyCount "126"]
[EventDate "2022.11.08"]
[EventType "swiss (blitz)"]
[EventRounds "11"]
[EventCountry "USA"]
[SourceTitle "EXT 2024"]
[Source "ChessBase"]
[SourceDate "2023.10.10"]
[SourceVersion "1"]
[SourceVersionDate "2023.10.10"]
[SourceQuality "1"]

1. e4 c5 2. Nc3 Nc6 3. Bb5 Nd4 4. Nf3 e6 5. Bd3 Nc6 6. Rb1 Nge7 7. 0-0 g6 8. e5 Bg7 9. Re1 0-0 10. g3 d6 11. exd6 Qxd6 12. Ne4 Qd5 13. Qe2 b6 14. b3 Bb7 15. Bb2 e5 16. Bc4 Qd7 17. Neg5 Nf5 18. Qd3 Qc7 19. Ba6 Rad8 20. Qf1 Ba8 21. Bd3 Nfe7 22. Qh3 h6 23. Bc4 Nd5 24. Ne4 Na5 25. Bxd5 Bxd5 26. d3 Bb7 27. Nfd2 Nc6 28. Nc4 f5 29. Nc3 Rfe8 30. Nb5 Qb8 31. a4 a6 32. Nc3 Qc7 33. Ne3 Nd4 34. Red1 Qc6 35. Kf1 f4 36. Ng2 Nf3 37. Ne4 Bc8 38. g4 Nd4 39. Bxd4 exd4 40. f3 g5 41. Qh5 Re7 42. h4 Rxe4 43. dxe4 Qf6 44. hxg5 hxg5 45. Qh3 Be6 46. Kf2 b5 47. Rh1 c4 48. Qh7+ Kf8 49. e5 Qxe5 50. Rbe1 Qf6 51. Re2 d3 52. cxd3 cxd3 53. Rd2 Qd4+ 54. Kf1 Qa1+ 55. Kf2 Qd4+ 56. Kf1 Bxb3 57. Ne1 Bc4 58. Rdh2 d2+ 59. Kg2 dxe1Q 60. Qf5+ Qf6 61. Rh8+ Kf7 62. Qxf6+ Kxf6 63. Rxd8 Qg3# 0-1

[Event "Titled Tuesday intern op 31st May Early"]
[Site "Chess.com INT"]
[Date "2022.05.31"]
[Round "2"]
[White "Metpally, Jason"]
[Black "Golizadeh, Asghar"]
[Result "0-1"]
[WhiteElo "2204"]
[BlackElo "2455"]
[PlyCount "52"]
[EventDate "2022.05.31"]
[EventType "swiss (blitz)"]
[EventRounds "11"]
[EventCountry "USA"]
[SourceTitle "CBM 208 Extra"]
[Source "ChessBase"]
[SourceDate "2022.07.31"]
[SourceVersion "1"]
[SourceVersionDate "2022.07.31"]
[SourceQuality "1"]

1. d4 e6 2. c4 d5 3. g3 c5 4. Nf3 Nf6 5. Bg2 Nc6 6. cxd5 exd5 7. 0-0 Be7 8. Nc3 c4 9. Bg5 0-0 10. Ne5 Be6 11. Bxf6 Bxf6 12. e4 Bxe5 13. exd5 Nxd4 14. Re1 Bf6 15. dxe6 fxe6 16. Ne4 e5 17. Nc5 b6 18. Bxa8 Qxa8 19. Ne4 Rd8 20. Qg4 Rf8 21. Kg2 Be7 22. Rad1 Bc5 23. f3 Nxf3 24. Qe6+ Kh8 25. Re2 Nd4 26. Ree1 Nxe6 0-1

[Event "Titled Tuesday intern op 24th May Early"]
[Site "Chess.com INT"]
[Date "2022.05.24"]
[Round "3"]
[White "Golizadeh, Asghar"]
[Black "Hakemi, Arman"]
[Result "0-1"]
[WhiteElo "2455"]
[BlackElo "2336"]
[PlyCount "74"]
[EventDate "2022.05.24"]
[EventType "swiss (blitz)"]
[EventRounds "11"]
[EventCountry "USA"]
[SourceTitle "EXT 2023"]
[Source "ChessBase"]
[SourceDate "2022.10.05"]
[SourceVersion "1"]
[SourceVersionDate "2022.10.05"]
[SourceQuality "1"]

1. e4 e5 2. Nf3 Nf6 3. d3 Nc6 4. g3 d5 5. Qe2 Bc5 6. Bg2 dxe4 7. dxe4 0-0 8. 0-0 h6 9. c3 a5 10. Rd1 Qe7 11. Be3 Nxe4 12. Nbd2 Nxd2 13. Nxd2 Bxe3 14. Qxe3 Bg4 15. Re1 Rad8 16. Nc4 Qe6 17. Nxe5 Nxe5 18. Qxe5 Qxe5 19. Rxe5 Rd2 20. b4 axb4 21. cxb4 c6 22. a4 Rfd8 23. Ree1 Rb2 24. Reb1 Rdd2 25. Rxb2 Rxb2 26. b5 Bd7 27. bxc6 bxc6 28. a5 Rb7 29. a6 Ra7 30. Kf1 Kf8 31. Ke2 Ke7 32. Kd3 Kd6 33. Kc4 Bc8 34. Rd1+ Kc7 35. Re1 Rxa6 36. Re7+ Kd6 37. Rxf7 Be6+ 0-1

[Event "Titled Tuesday intern op 24th May Early"]
[Site "Chess.com INT"]
[Date "2022.05.24"]
[Round "4"]
[White "Onslow, Alfie"]
[Black "Golizadeh, Asghar"]
[Result "0-1"]
[WhiteElo "2104"]
[BlackElo "2455"]
[PlyCount "84"]
[EventDate "2022.05.24"]
[EventType "swiss (blitz)"]
[EventRounds "11"]
[EventCountry "USA"]
[SourceTitle "EXT 2023"]
[Source "ChessBase"]
[SourceDate "2022.10.05"]
[SourceVersion "1"]
[SourceVersionDate "2022.10.05"]
[SourceQuality "1"]

1. e4 c5 2. Nc3 g6 3. d4 cxd4 4. Qxd4 Nf6 5. e5 Nc6 6. Qf4 Nh5 7. Qe3 d5 8. exd6 Qxd6 9. Nf3 Bg7 10. Bd2 0-0 11. 0-0-0 e5 12. Ne4 Qe7 13. h3 Be6 14. Kb1 f5 15. Nc5 Bf7 16. Qa3 b6 17. Bb5 Rac8 18. Nb3 Qxa3 19. bxa3 Nf4 20. Bxf4 exf4 21. Ng5 Ne5 22. Rhe1 h6 23. Nxf7 Rxf7 24. Rd6 Kh7 25. Nd2 Rc5 26. a4 Rfc7 27. Rc1 Nf7 28. Rd3 Ne5 29. Rd6 Rc3 30. Nb3 Nc4 31. Bxc4 R3xc4 32. a5 bxa5 33. a4 Rxa4 34. Re1 Rb7 35. Kc1 Bc3 36. Ree6 Rg7 37. Kd1 Ra2 38. Nc5 Bb4 39. Rc6 Bxc5 40. Rxc5 a4 41. Ra5 Rd7+ 42. Kc1 a3 0-1

[Event "Titled Tuesday intern op 22nd Feb Early"]
[Site "Chess.com INT"]
[Date "2022.02.22"]
[Round "5"]
[White "Golizadeh, Asghar"]
[Black "Dziththauly, Ramadhan"]
[Result "1/2-1/2"]
[WhiteElo "2455"]
[BlackElo "2196"]
[PlyCount "151"]
[EventDate "2022.02.22"]
[EventType "swiss (blitz)"]
[EventRounds "11"]
[EventCountry "USA"]
[SourceTitle "CBM 207 Extra"]
[Source "ChessBase"]
[SourceDate "2022.05.31"]
[SourceVersion "1"]
[SourceVersionDate "2022.05.31"]
[SourceQuality "1"]

1. e4 c5 2. Nf3 d6 3. Bb5+ Bd7 4. Bxd7+ Nxd7 5. 0-0 Ngf6 6. Re1 g6 7. c3 Bg7 8. d4 cxd4 9. cxd4 Rc8 10. Nc3 0-0 11. h3 a6 12. Bf4 b5 13. a3 Nb6 14. Rc1 Nc4 15. Qe2 Qa5 16. e5 dxe5 17. Nxe5 e6 18. Bg5 Nxe5 19. dxe5 Nd7 20. Be7 Rfe8 21. Bd6 f6 22. exf6 Nxf6 23. Rcd1 Qb6 24. Be5 Rcd8 25. Qf3 Rf8 26. Rxd8 Qxd8 27. Qc6 Qc8 28. Qb6 Nd5 29. Nxd5 exd5 30. Bxg7 Kxg7 31. Qd4+ Kh6 32. Qh4+ Kg7 33. Re7+ Rf7 34. Rxf7+ Kxf7 35. Qxh7+ Kf6 36. Qh4+ Kf7 37. Qf4+ Kg8 38. Qd6 Qc1+ 39. Kh2 Qxb2 40. Qxg6+ Kf8 41. Qd6+ Kg7 42. Qe7+ Kg8 43. f4 Qd4 44. Qg5+ Kf7 45. Qf5+ Kg8 46. Kg3 Qe3+ 47. Kh4 Qxa3 48. Qxd5+ Kg7 49. Qd7+ Kf6 50. Qc6+ Kf7 51. g4 Qe7+ 52. g5 Qe1+ 53. Kg4 Qe2+ 54. Kf5 Qd3+ 55. Qe4 Qd7+ 56. Ke5 Qxh3 57. Kd4 Qd7+ 58. Ke3 Qe6 59. f5 Qxe4+ 60. Kxe4 a5 61. Kd4 a4 62. Kc3 a3 63. Kb3 b4 64. Ka2 Kg7 65. Kb3 Kf7 66. Kc2 Kg7 67. g6 Kf6 68. Kb3 Kg7 69. Ka2 Kf6 70. Kb1 Kg7 71. Ka1 b3 72. Kb1 Kf6 73. Kc1 Kg7 74. Kb1 Kf6 75. Ka1 Kg7 76. Kb1 1/2-1/2

[Event "Titled Tuesday intern op 22nd Feb Early"]
[Site "Chess.com INT"]
[Date "2022.02.22"]
[Round "8"]
[White "Golizadeh, Asghar"]
[Black "Freitag, Manfred"]
[Result "0-1"]
[WhiteElo "2455"]
[BlackElo "2357"]
[PlyCount "72"]
[EventDate "2022.02.22"]
[EventType "swiss (blitz)"]
[EventRounds "11"]
[EventCountry "USA"]
[SourceTitle "CBM 207 Extra"]
[Source "ChessBase"]
[SourceDate "2022.05.31"]
[SourceVersion "1"]
[SourceVersionDate "2022.05.31"]
[SourceQuality "1"]

1. e4 c6 2. Nf3 d5 3. exd5 cxd5 4. Ne5 Nc6 5. d4 Nf6 6. Bb5 Bd7 7. Nxd7 Qxd7 8. c3 a6 9. Bd3 e6 10. 0-0 Bd6 11. Nd2 Qc7 12. Nf3 0-0 13. Re1 h6 14. Qe2 Rfe8 15. Ne5 Bxe5 16. dxe5 Nd7 17. f4 f6 18. exf6 Nxf6 19. Bg6 Re7 20. Qf2 Rf8 21. Be3 Nd7 22. Qg3 Rf6 23. Re2 Nf8 24. Bc2 Ref7 25. Rae1 Qd6 26. b4 d4 27. Rd1 Qb8 28. cxd4 Nxb4 29. Bb3 Nd5 30. Bxd5 exd5 31. Rde1 Ng6 32. Bd2 Rf8 33. h4 Nxf4 34. Re7 Ne2+ 35. Kh2 Qxg3+ 36. Kh1 Qxh4# 0-1

[Event "Titled Tuesday intern op 22nd Feb Early"]
[Site "Chess.com INT"]
[Date "2022.02.22"]
[Round "4"]
[White "Golizadeh, Asghar"]
[Black "Singh, Arvinder Preet"]
[Result "1-0"]
[WhiteElo "2455"]
[BlackElo "2064"]
[PlyCount "45"]
[EventDate "2022.02.22"]
[EventType "swiss (blitz)"]
[EventRounds "11"]
[EventCountry "USA"]
[SourceTitle "CBM 207 Extra"]
[Source "ChessBase"]
[SourceDate "2022.05.31"]
[SourceVersion "1"]
[SourceVersionDate "2022.05.31"]
[SourceQuality "1"]

1. e4 c5 2. Nf3 d6 3. Bb5+ Nd7 4. d4 a6 5. Bxd7+ Bxd7 6. dxc5 dxc5 7. Nc3 e6 8. Ne5 Ne7 9. 0-0 Ng6 10. Nxd7 Qxd7 11. Qe2 Be7 12. Be3 0-0 13. a4 Rfd8 14. a5 Qc6 15. f3 Bf6 16. Na4 Bd4 17. Nb6 Rab8 18. c3 Bxe3+ 19. Qxe3 c4 20. Rfd1 Ne5 21. Rd4 Rxd4 22. Qxd4 Qc8 23. Nxc8 1-0